| 000 | 00721cam a22002291 4500 | ||
|---|---|---|---|
| 001 | sa 68015623 | ||
| 003 | DLC | ||
| 005 | 20260227112645.0 | ||
| 008 | 890504s1966 io a 000 0 ind | ||
| 010 | _asa 68015623 | ||
| 025 | _aPL480:Indo-4859 | ||
| 035 | _a(OCoLC)19656692 | ||
| 040 |
_aDLC _cCU _dWU _dDLC |
||
| 042 | _apremarc | ||
| 050 | 0 | 0 |
_aPL5089.N67 _bH8 1966 |
| 100 | 1 | _aNotosusanto, Nugroho. | |
| 245 | 1 | 0 |
_aHudjan kepagian : _bkumpulan tjerita pendek / _cDihiasi 4 gambar oleh Puranto Yapung. |
| 250 | _aTjet. 3. | ||
| 260 |
_aDjakarta : _bBalai Pustaka, _c1966. |
||
| 300 |
_a74 p. : _bill. ; _c18 cm. |
||
| 505 | 0 | _aSenjum. -- Konjol. -- Pembalasan dendam. -- Perawan digaris depan. -- Baji. -- Exekusi. | |
| 999 |
_c86565 _d86565 |
||